Pla d'acció cultural de Viladecavalls : Estratègies culturals per a un municipi dispers Estratègies culturals per a un municipi dispers

Descripción Física: 122 pàgs. ; taules ; gràfics ; 30 cm.
Idioma: Catalán

MARC

LEADER 00000nam a22000007a 4500
001 27071
003 Arxiu
005 20260324181145.0
008 221130b spa||||| |||| 00| 0 cat d
040 |a agdb  |b cat 
041 |a cat 
245 |a Pla d'acció cultural de Viladecavalls :   |b Estratègies culturals per a un municipi dispers 
260 |a Barcelona :   |b Diputació de Barcelona. Centre d'Estudis i Recursos Culturals (CERC) ;   |c 2013 
300 |a 122 pàgs. ;   |b taules ; gràfics ;   |c 30 cm. 
651 0 |a Viladecavalls (Catalunya)  |x Política cultural 
710 1 |9 54818  |a Viladecavalls (Catalunya).  |b Ajuntament 
710 1 |9 52487  |a Barcelona (Catalunya : Província).  |b Centre d'Estudis i Recursos Culturals 
942 |2 udc  |c ARXIU  |n 1 
952 |0 0  |1 0  |2 udc  |4 0  |6 BIB1021  |7 1  |9 64468  |a Arxiu  |b Arxiu  |d 2022-11-30  |l 0  |o Bib-1021  |p 27071  |r 2022-11-30 00:00:00  |w 2022-11-30  |y ARXIU 
999 |c 82795  |d 82795